المشاغل الهندسية / (رقم التسجيلة. 95711)

تفاصيل مارك
000 -LEADER
fixed length control field 00603nam a22002057a 4500
005 - DATE AND TIME OF LATEST TRANSACTION
control field 20251108173102.0
008 - FIXED-LENGTH DATA ELEMENTS--GENERAL INFORMATION
fixed length control field 250721s2006 xx 000 0 ara d
082 14 - DEWEY DECIMAL CLASSIFICATION NUMBER
Classification number 620/سري
100 1# - MAIN ENTRY--PERSONAL NAME
Personal name أبو سريس، شادي
245 10 - TITLE STATEMENT
Title المشاغل الهندسية /
264 1# - PRODUCTION, PUBLICATION, DISTRIBUTION, MANUFACTURE, AND COPYRIGHT NOTICE
Place of production, publication, distribution, manufacture عمان :
Name of producer, publisher, distributor, manufacturer مكتبة المجتمع العربي،
Date of production, publication, distribution, manufacture, or copyright notice 2006.
300 ## - PHYSICAL DESCRIPTION
Extent 301ص.
650 17 - SUBJECT ADDED ENTRY--TOPICAL TERM
Topical term or geographic name as entry element الهندسة
650 17 - SUBJECT ADDED ENTRY--TOPICAL TERM
Topical term or geographic name as entry element المواد الهندسية
650 17 - SUBJECT ADDED ENTRY--TOPICAL TERM
Topical term or geographic name as entry element التصميم الهندسي
700 1# - ADDED ENTRY--PERSONAL NAME
Personal name الزيوت، يونس
700 1# - ADDED ENTRY--PERSONAL NAME
Personal name ضرار، أيمن
942 ## - ADDED ENTRY ELEMENTS (KOHA)
Source of classification or shelving scheme Dewey Decimal Classification
Koha item type كتب
المقتنيات
حالة السحب حالة الفقدان مصدر التصنيف حالة التلف غير قابل للإعارة المكتبة الرئيسية المكتبة الحالية موقع الرف تاريخ التزويد الرقم المتسلسل Total Checkouts رقم الإستدعاء الباركود تاريخ آخر ظهور تاريخ الفاتورة نوع المادة (كوها)
    Dewey Decimal Classification     المكتبة المركزية المكتبة المركزية الإعارة 28/07/2025 872213   620/سري 872213 28/07/2025 28/07/2025 كتب
    Dewey Decimal Classification     المكتبة المركزية المكتبة المركزية الإعارة 17/07/2008 872201   620/سري PLD00029118 28/07/2025 17/07/2008 كتب
    Dewey Decimal Classification     المكتبة المركزية المكتبة المركزية الإعارة 19/07/2008 872200   620/سري PLD00029217 28/07/2025 19/07/2008 كتب
    Dewey Decimal Classification     المكتبة المركزية المكتبة المركزية الإعارة 01/11/2009 872202   620/سري PLD00116474 28/07/2025 01/11/2009 كتب
    Dewey Decimal Classification     مكتبة أبو علندا العامة مكتبة أبو علندا العامة الإعارة 28/07/2025 872219   620/سري 872219 28/07/2025 28/07/2025 كتب
    Dewey Decimal Classification     مكتبة أم قصير والمقابلين العامة مكتبة أم قصير والمقابلين العامة الإعارة 28/07/2025 872218   620/سري 872218 28/07/2025 28/07/2025 كتب
    Dewey Decimal Classification     مكتبة البراءة للأطفال مكتبة البراءة للأطفال الإعارة 04/09/2008 872222   620/سري PLD00038821 28/07/2025 04/09/2008 كتب
    Dewey Decimal Classification     مكتبة الجويدة مكتبة الجويدة الإعارة 28/07/2025 872214   620/سري 872214 28/07/2025 28/07/2025 كتب
    Dewey Decimal Classification     مكتبة الحسن العامة مكتبة الحسن العامة الإعارة 28/07/2025 872215   620/سري 872215 28/07/2025 28/07/2025 كتب
    Dewey Decimal Classification     مكتبة النصر العامة مكتبة النصر العامة الإعارة 28/07/2025 872221   620/سري 872221 28/07/2025 28/07/2025 كتب
    Dewey Decimal Classification     مكتبة حمزة العامة مكتبة حمزة العامة الإعارة 28/07/2025 872216   620/سري 872216 28/07/2025 28/07/2025 كتب
    Dewey Decimal Classification     مكتبة وادي السير العامة مكتبة وادي السير العامة الإعارة 28/07/2025 872220   620/سري 872220 28/07/2025 28/07/2025 كتب
Implemented & Customized by: BBB with SCIT (Smart Chains for Information Technology)

Powered by Koha